[Event "AUT-ch U08 Online Rapid"]
[Site "Playchess.com INT"]
[Date "2020.12.13"]
[Round "1"]
[White "Rella, Mario"]
[Black "Wineroither, Aron"]
[Result "1-0"]
[WhiteElo "1667"]
[BlackElo "1180"]
[PlyCount "33"]
[EventDate "2020.12.13"]
[EventType "swiss (rapid)"]
[EventRounds "7"]
[EventCountry "AUT"]
[SourceTitle "EXT 2022"]
[Source "ChessBase"]
[SourceDate "2021.10.06"]
[SourceVersion "1"]
[SourceVersionDate "2021.10.06"]
[SourceQuality "1"]

1. d4 d5 2. Nf3 Nc6 3. e3 e5 4. dxe5 f6 5. exf6 Nxf6 6. c4 Bd6 7. cxd5 Ne7 8. Nc3 0-0 9. Bd3 g6 10. 0-0 Re8 11. b3 Bg4 12. Bb2 Bxf3 13. Qxf3 Rc8 14. Qxf6 Rf8 15. Qd4 Qe8 16. Nb5 a6 17. Qg7# 1-0

[Event "AUT-ch U08 Online Rapid"]
[Site "Playchess.com INT"]
[Date "2020.12.13"]
[Round "5"]
[White "Wineroither, Aron"]
[Black "Scheucher, Florian"]
[Result "1-0"]
[WhiteElo "1154"]
[BlackElo "1432"]
[PlyCount "137"]
[EventDate "2020.12.13"]
[EventType "swiss (rapid)"]
[EventRounds "7"]
[EventCountry "AUT"]
[SourceTitle "EXT 2022"]
[Source "ChessBase"]
[SourceDate "2021.10.06"]
[SourceVersion "1"]
[SourceVersionDate "2021.10.06"]
[SourceQuality "1"]

1. e4 e6 2. Nf3 b6 3. Nc3 Bb4 4. a3 Bxc3 5. bxc3 c5 6. Bb2 d6 7. d3 e5 8. Be2 f6 9. 0-0 g5 10. h3 h5 11. g3 h4 12. g4 Ne7 13. c4 a5 14. a4 Nbc6 15. Bc3 Be6 16. Rb1 Rb8 17. Rb2 Qc7 18. Qb1 Nd4 19. Nxd4 cxd4 20. Bd2 Nc6 21. Bf3 0-0 22. c3 dxc3 23. Bxc3 Rfd8 24. Rd1 Nd4 25. Bxd4 exd4 26. Bg2 Bxc4 27. dxc4 Qxc4 28. Rc1 Qxa4 29. Ra2 Qb4 30. Qxb4 axb4 31. Bf1 b3 32. Rb2 d3 33. Bxd3 Rdc8 34. Rxc8+ Rxc8 35. Rxb3 Kf7 36. Rxb6 Rc3 37. Bf1 Rxh3 38. Bxh3 Ke6 39. f3 Ke7 40. Rb5 Ke6 41. Kf2 Ke7 42. Ke3 Ke6 43. Kd4 Ke7 44. Kd5 f5 45. Kc6 fxg4 46. Bxg4 Kf6 47. Rd5 Ke7 48. Rxd6 Kf7 49. e5 Ke7 50. e6 h3 51. Bxh3 g4 52. fxg4 Ke8 53. Rd7 Kf8 54. g5 Ke8 55. g6 Kf8 56. g7+ Kg8 57. Kd6 Kh7 58. e7 Kg6 59. e8Q+ Kf6 60. Qe5+ Kg6 61. Re7 Kh6 62. Re6+ Kh7 63. Qh5+ Kg8 64. Qe8+ Kh7 65. Bf5+ Kxg7 66. Qe7+ Kg8 67. Kd5 Kh8 68. Rc6 Kg8 69. Rc8# 1-0

[Event "AUT-ch U08 Online Blitz"]
[Site "Playchess.com INT"]
[Date "2020.12.11"]
[Round "4"]
[White "Roessler, Lukas1111"]
[Black "Wineroither, Aron"]
[Result "1-0"]
[WhiteElo "1452"]
[BlackElo "1620"]
[PlyCount "65"]
[EventDate "2020.12.11"]
[EventType "swiss (blitz)"]
[EventRounds "7"]
[EventCountry "AUT"]
[SourceTitle "EXT 2022"]
[Source "ChessBase"]
[SourceDate "2021.10.06"]
[SourceVersion "1"]
[SourceVersionDate "2021.10.06"]
[SourceQuality "1"]

1. d4 e5 2. dxe5 d6 3. Nf3 Nc6 4. exd6 Bxd6 5. Nc3 Nf6 6. Bg5 h6 7. Bh4 0-0 8. e3 Bb4 9. a3 Bxc3+ 10. bxc3 Bg4 11. Qxd8 Raxd8 12. Bxf6 gxf6 13. Nd4 b5 14. Nxc6 Rd6 15. Ne7+ Kg7 16. Bxb5 Rdd8 17. 0-0 Be2 18. Rfe1 Bxb5 19. Red1 Rxd1+ 20. Rxd1 Rd8 21. Rxd8 h5 22. Nf5+ Kg6 23. Rd5 Bc6 24. Rc5 Be4 25. Nd4 Bb7 26. Rxc7 Bd5 27. Rxa7 Kg7 28. Nf3 Kf8 29. Rc7 Ke8 30. Nd4 Kd8 31. Ra7 Bc4 32. Ra5 Bd5 33. Rxd5+ 1-0

[Event "AUT-ch U08 Online Blitz"]
[Site "Playchess.com INT"]
[Date "2020.12.11"]
[Round "7"]
[White "Schwarz, Timo"]
[Black "Wineroither, Aron"]
[Result "1-0"]
[WhiteElo "1323"]
[BlackElo "1620"]
[PlyCount "79"]
[EventDate "2020.12.11"]
[EventType "swiss (blitz)"]
[EventRounds "7"]
[EventCountry "AUT"]
[SourceTitle "EXT 2022"]
[Source "ChessBase"]
[SourceDate "2021.10.06"]
[SourceVersion "1"]
[SourceVersionDate "2021.10.06"]
[SourceQuality "1"]

1. e4 e5 2. d3 d5 3. Be2 d4 4. Bd2 Nc6 5. Nf3 Nf6 6. 0-0 Be7 7. h3 0-0 8. Na3 Bxa3 9. bxa3 Be6 10. Bb4 Nxb4 11. axb4 c6 12. Nxe5 Qd6 13. Nf3 Rae8 14. Qb1 b5 15. Ng5 h6 16. Nxe6 Rxe6 17. Bg4 Ree8 18. Re1 Nxg4 19. hxg4 a6 20. a3 c5 21. bxc5 Qxc5 22. Qb4 Qe7 23. Qxe7 Rxe7 24. a4 bxa4 25. Rxa4 Ra7 26. Rxd4 Rfa8 27. Rb1 a5 28. Rb5 a4 29. Rb1 Ra5 30. Ra1 a3 31. Rd5 Ra4 32. Rc5 a2 33. Rc4 Ra3 34. Rb4 R8a4 35. Rxa4 Rxa4 36. c3 Ra3 37. d4 Rb3 38. Rxa2 Rb1+ 39. Kh2 Rd1 40. Ra8+ 1-0